000 00666nam a22002057a 4500
003 KOHA_MİRAKIL
005 20260406095811.0
008 260406b tu ||||| |||| 00| 0 tur d
020 _a9786055753917
040 _aTR-AnABB
_btur
_cTR-AnABB
041 _atur
082 _a956.1
_bIZM 2017
245 0 0 _aİzmir Ermenileri :
_bEge kıyılarının yitip gitmiş sakinleri /
_cDerleyen: Zakarya Mildanoğlu
246 _aİzmir Ermenileri
260 _aİstanbul :
_bAras Yayıncılık,
_c2017
300 _a263 sayfa :
_bfotoğraf ;
_c20 cm
650 0 4 _aErmeniler, Tarih, Türkiye
700 1 _aMildanoğlu, Zakarya,
_ederleyen
_93293
942 _2ddc
_cBK
999 _c10152
_d10152
900 _bCan ÇELIK